000 00631nam a2200229 a 4500
001
003 OSt
005 20220117091514.0
008 091104s1999 dr 000 j spa d
040 _aDO-SdBNP
_bspa
_cBPMSU
082 _aRD863.44
_bB742m, 1999
_222
100 1 _a Bosch, Juan,
_d1909-2001
_91
245 1 0 _aMás cuentos escritos en el exilio /
_cJuan Bosch.
250 _a18a ed.
260 _aSanto Domingo :
_bAlfa y Omega,
_c1999
300 _a284 p. ;
_c21 cm.
590 _aInventariado, 2022/VM
650 4 _aCuentos dominicanos
650 4 _aLiteratura dominicana.
910 _aVMateo V.
942 _2ddc
_cBK
999 _c13946
_d13946